Paesi nominati nella pagina Wikipedia della Romania - Statistics

Statistiche generali
  • Questo quiz è stato fatto 44 volte
  • Il punteggio medio è 17 su 21
Statistiche sulle risposte
Volte in cui viene nominato Indizio (basato sul motivo per cui lo stato viene nominato nella pagina Wikipedia) Paese % Corretto
8 Paese confinante Bulgaria
100%
5 Paese confinante Ungheria
100%
5 Paese confinante Ucraina
95%
9 Paese confinante Moldavia
92%
2 Paese confinante Serbia
92%
2 Paese alleato della Romania durante la Seconda Guerra Mondiale Germania
90%
4 Paese alleato della Romania durante la Seconda Guerra Mondiale Italia
90%
4 Durante la Seconda Guerra Mondiale, la Romani partecipò all'invasione di questo paese, allora parte dell'URSS Russia
87%
1 Paese che, nella Prima Guerra Mondiale, invase e conquistò la Romania Austria
82%
1 Nel 2004, la Romania entrò nella NATO assieme a questo paese Slovacchia
79%
1 La nazionale romena di rugby esordì nel 1924 contro quella di questo paese Stati Uniti
79%
2 Paese in cui, a inizio '900, i figli dell'elite romena si recavano per l'istruzione universitaria Francia
77%
1 Nel 2004, la Romania entrò nella NATO assieme a questo paese Slovenia
77%
1 Dopo la Seconda Guerra Mondiale, molti ebrei romeni sopravvissuti alla Shoah emigrarono verso questo paese Israele
74%
1 Nel 2004, la Romania entrò nella NATO assieme a questo paese Lituania
74%
1 Nel 2004, la Romania entrò nella NATO assieme a questo paese Estonia
72%
1 Nel 2004, la Romania entrò nella NATO assieme a questo paese Lettonia
72%
1 Nel 1939, la Romania consentì la fuga del governo polacco in esilio verso questo paese Regno Unito
69%
1 Paese in cui la Romania ha schierato truppe in missione di pace Iraq
64%
1 Paese in cui la Romania ha schierato truppe in missione di pace Afghanistan
62%
1 Nel Medioevo la Romania fu invasa dai cumani, popolazione turca originaria di questo paese Kazakistan
56%
Nessun quiz corrispondente trovato
Distribuzione punteggi
Percentuale di utenti per punteggio
Percentile per numero di risposta
I tuoi punteggi nel tempo
Non hai fatto questo quiz